000 00717nam a2200277Ia 4500
001 20299
005 20240114000510.0
007 ta
008 060221s1982 a g b000 u 465 u
020 _a0-86003-038-5
040 _aCotton College,Assam
041 _a465
082 _a339.1
_bPe 436 Th
100 _aPeston, M. H. .
245 0 _aTheory of Macroeconomic Policy /
_cM. H. Peston.
_hTextual Documents
250 _a1st ed. /
260 _aNew Delhi :
_bHeritage Publishers ,
_c1982.
300 _a279p. :
_bill ;
_c23cm .
504 _aIndex
653 _aEconomics
653 _aG-Economics
653 _aMacro Economy
942 _2ddc
_cBK
999 _c20281
_d20281